000 00247nam a2200097Ia 4500
001 984985
005 20250826221034.0
008 250824s9999 xx 000 0 und d
245 0 _aEYVALLAH SEYYAH
_cHİKMET ANIL ÖZTEKİN
260 _bDESTEK YAYINLARI
999 _c984985
_d984985